Capitales commençant par S - Statistiques

Statistiques générales
  • Ce quiz a été pris 187 fois
  • Le résultat moyen est 10 sur 18
Statistiques - réponses
Capitales % Correct
Stockholm
79%
Saint-Marin
74%
Santiago
70%
San Salvador
68%
Sarajevo
63%
Sao Tomé
62%
Séoul
62%
San José
59%
Suva
56%
Saint-Georges
55%
Sanaa
54%
Saint John's
53%
Singapour
51%
Saint-Domingue
50%
Skopje
48%
Sofia
44%
Sucre
42%
Sri Jayawardenepura Kotte
37%
Aucun quiz correspondant
Distribution des résultats
% des personnes avec chaque résultat
Percentile par nombre de réponses
Votre historique - résultats
Vous n’avez pas pris ce quiz